Bielsko-Biała - quiz wielokrotnego wyboru - Statystyki

Ogólne statystyki
  • Ten quiz został rozwiązany 780 razy
  • Średni wynik to 6 z 10
Statystyki odpowiedzi
Zagadnienie Odpowiedź % Poprawnych
Od kogo/czego pochodzi nazwa miasta Bielsko-Biała? Od połączenia dwóch miast
86%
Jaki klub piłkarski z Bielska-Białej w latach 2011-2016 oraz 2020-2021 grał w Ekstraklasie (najwyższy poziom rozgrywkowy w Polsce)? TS Podbeskidzie
86%
Który z poniższych seriali animowanych był produkowany w Bielsku-Białej? Reksio
81%
Jaki samochód w latach 1973-2000 był produkowany w Bielsku-Białej? Fiat 126 "Maluch"
75%
Jak nazywa się słynny teatr lalek działający w Bielsku-Białej? Teatr Lalek Banialuka
60%
Z jakiego przemysłu było znane Bielsko-Biała w XIX i XX w? Włókienniczego
57%
Jaka była nazwa dla Uniwersytetu Bielsko-Bialskiego do 1 września 2023 r? Akademia Techniczno-Humanistyczna
46%
Które z poniższych określeń odnosi się do Bielska-Białej? Mały Wiedeń
45%
Który z poniższych szczytów górskich nie znajduje się w granicach administracyjnych miasta Bielsko-Biała? Skrzyczne
41%
Czyim imieniem został nazwany plac, który jest centralnym punktem Bielska-Białej? Bolesława Chrobrego
37%
Nie znaleziono quizów pasujących do podanych kryteriów
Rozkład punktacji
Procent ludzi z każdym wynikiem
Percentyl według liczby udzielonych odpowiedzi
Twoja historia wyników
Nie rozwiązałeś tego quizu